Geochemical Investigation of Organic Matter of Riphean Deposit Rocks of the Ust'-Mayskaya Well (Aldan Anteclise); AIP Conference Proceedings; Vol. 2051 : Advanced Materials with Hierarchical Structure for New Technologies and Reliable Structures 2018 (AMHS’18)
| Parent link: | AIP Conference Proceedings Vol. 2051 : Advanced Materials with Hierarchical Structure for New Technologies and Reliable Structures 2018 (AMHS’18).— 2018.— [020147, 4 p.] |
|---|---|
| 1. Verfasser: | |
| Körperschaft: | |
| Weitere Verfasser: | , |
| Zusammenfassung: | Title screen This paper presents the results of investigations of molecular composition of dispersed organic matter in the rocks of the Riphean complex of the Ust'-Mayskaya exploration well log drilled in the east of the Aldan anteclise. These are the results for the distribution and composition of metalloporphyrins, dibenzothiophenes, alkanes, mono-, bi-, tri-, tetra- and pentacyclic arenes, bi-, tri-, tetra- and pentacyclanes, and tetracyclic naphenoaromatic hydrocarbons (HC). Режим доступа: по договору с организацией-держателем ресурса |
| Sprache: | Englisch |
| Veröffentlicht: |
2018
|
| Schlagworte: | |
| Online-Zugang: | https://doi.org/10.1063/1.5083390 |
| Format: | Elektronisch Buchkapitel |
| KOHA link: | https://koha.lib.tpu.ru/cgi-bin/koha/opac-detail.pl?biblionumber=659185 |
MARC
| LEADER | 00000nla2a2200000 4500 | ||
|---|---|---|---|
| 001 | 659185 | ||
| 005 | 20231101135049.0 | ||
| 035 | |a (RuTPU)RU\TPU\network\27645 | ||
| 035 | |a RU\TPU\network\27644 | ||
| 090 | |a 659185 | ||
| 100 | |a 20190124a2018 k y0engy50 ba | ||
| 101 | 0 | |a eng | |
| 105 | |a y z 100zy | ||
| 135 | |a drgn ---uucaa | ||
| 181 | 0 | |a i | |
| 182 | 0 | |a b | |
| 200 | 1 | |a Geochemical Investigation of Organic Matter of Riphean Deposit Rocks of the Ust'-Mayskaya Well (Aldan Anteclise) |f N. A. Krasnoyarova, O. V. Serebrennikova, P. N. Sobolev | |
| 203 | |a Text |c electronic | ||
| 300 | |a Title screen | ||
| 320 | |a [References: 11 tit.] | ||
| 330 | |a This paper presents the results of investigations of molecular composition of dispersed organic matter in the rocks of the Riphean complex of the Ust'-Mayskaya exploration well log drilled in the east of the Aldan anteclise. These are the results for the distribution and composition of metalloporphyrins, dibenzothiophenes, alkanes, mono-, bi-, tri-, tetra- and pentacyclic arenes, bi-, tri-, tetra- and pentacyclanes, and tetracyclic naphenoaromatic hydrocarbons (HC). | ||
| 333 | |a Режим доступа: по договору с организацией-держателем ресурса | ||
| 461 | 0 | |0 (RuTPU)RU\TPU\network\4816 |t AIP Conference Proceedings | |
| 463 | 0 | |0 (RuTPU)RU\TPU\network\27575 |t Vol. 2051 : Advanced Materials with Hierarchical Structure for New Technologies and Reliable Structures 2018 (AMHS’18) |o Proceedings of the International conference, 1–5 October 2018, Tomsk, Russia |f National Research Tomsk Polytechnic University (TPU); eds. V. E. Panin, S. G. Psakhie, V. M. Fomin |v [020147, 4 p.] |d 2018 | |
| 610 | 1 | |a электронный ресурс | |
| 610 | 1 | |a труды учёных ТПУ | |
| 610 | 1 | |a геохимические исследования | |
| 610 | 1 | |a органические вещества | |
| 610 | 1 | |a породы | |
| 610 | 1 | |a рифейские отложения | |
| 610 | 1 | |a Алданская антеклиза | |
| 610 | 1 | |a молекулярный состав | |
| 610 | 1 | |a углеводороды | |
| 700 | 1 | |a Krasnoyarova |b N. A. |c geochemist |c Associate Professor of Tomsk Polytechnic University, candidate of geological and mineralogical sciences |f 1957- |g Nataliya Alekseevna |2 stltpush |3 (RuTPU)RU\TPU\pers\34793 | |
| 701 | 1 | |a Serebrennikova |b O. V. |c geochemist |c Professor of Tomsk Polytechnic University, Doctor of chemical sciences |f 1949- |g Olga Viktorovna |2 stltpush |3 (RuTPU)RU\TPU\pers\30954 | |
| 701 | 1 | |a Sobolev |b P. N. | |
| 712 | 0 | 2 | |a Национальный исследовательский Томский политехнический университет (ТПУ) |c (2009- ) |2 stltpush |3 (RuTPU)RU\TPU\col\15902 |
| 801 | 2 | |a RU |b 63413507 |c 20190124 |g RCR | |
| 856 | 4 | |u https://doi.org/10.1063/1.5083390 | |
| 942 | |c CF | ||